Kreativita ako významný predpoklad spôsobu vyjadrovania osobnosti

Guardado en:
Detalles Bibliográficos
Autor principal: Pčolinská, Lenka
Formato: Capítulo de libro
Lenguaje:eslovaco
Etiquetas: Agregar Etiqueta
Sin Etiquetas, Sea el primero en etiquetar este registro!

MARC

LEADER 00000naa$a2200000$$$4500
001 0164949
005 20240614081207.2
041 0 |a slo 
044 |a SK 
245 1 0 |a Kreativita ako významný predpoklad spôsobu vyjadrovania osobnosti  |c Lenka Pčolinská 
500 |a Abstrakt 
100 1 |a Pčolinská, Lenka